Web of Anagrams Quiz Stats

Quiz Updated Oct 2, 2013

Challenge
Share
Tweet
Embed
Score 0/120 Timer 10:00
0 Plays Today
% Correct
Gas form of water (5)
99.1%
Holds up a flower (4)
78.4%
Pet Owner (6)
78.3%
STEAM
78.3%
Limits of a contract (5)
76.8%
Encountered (3)
76.5%
STEM
76.3%
XXXXXXX
73.8%
XXXXXXX
73.8%
Group working together (4)
73%
MET
72.9%
Hard element (5)
71.7%
French Impressionist (5)
71.7%
TEAM
71.5%
Of the mind (6)
64.9%
XXXXXXX
62.2%
XXXXXXX
62.2%
METAL
61.3%
Gather, as courage (6)
57.9%
TERMS
57.7%
XXXXXXX
57.6%
XXXXXXX
57.6%
XXXXXXX
55.9%
XXXXXXX
55.9%
Inclined against (5)
54.6%
MASTER
54.5%
MENTAL
54.3%
Bemoans (7)
54.3%
XXXXXXX
45.4%
XXXXXXX
45.4%
MANET
45.1%
XXXXXXX
43.1%
XXXXXXX
43.1%
XXXXXXX
42.4%
XXXXXXX
42.4%
Chest bone (7)
42.2%
MUSTER
42.1%
Radio dials (6)
40.6%
STERNUM
40.2%
LAMENTS
40.1%
% Correct
Heavenly body (6)
34.4%
LEANT
33%
XXXXXXX
30.9%
XXXXXXX
30.9%
Traits from birth (7)
30.6%
XXXXXXX
28.8%
XXXXXXX
28.8%
Sow again (7)
28.8%
XXXXXXX
27.7%
XXXXXXX
27.7%
Relating to prison (5)
27.5%
PLANET
27.3%
Chatter endlessly (5)
26.9%
Elk's prized possession(6)
26.6%
PARENT
26.5%
Mother or Father (6)
26.1%
REPLANT
26%
XXXXXXX
25.8%
XXXXXXX
25.8%
To the rear of a boat (6)
25.6%
Bathe in sunlight again (5)
25.3%
TUNERS
25.3%
XXXXXXX
24.4%
XXXXXXX
24.4%
ANTLER
24.3%
Raves (5)
24.1%
City in Italy (6)
23%
RETAN
22.8%
PENAL
22.8%
XXXXXXX
22.5%
XXXXXXX
22.5%
Designs again (7)
22.3%
Planet known for rings (6)
22.2%
Changes direction (5)
22.1%
SATURN
22%
Slices (5)
21.9%
Guttural sounds (6)
21.6%
TURNS
21.5%
Oyster Jewels (6)
21.3%
PEARLS
21.2%
% Correct
XXXXXXX
21.2%
XXXXXXX
21.2%
NAPLES
20.7%
Leases (5)
20.4%
Actor Borgnine (6)
20.4%
RANTS
20.4%
ASTERN
20%
REPLANS
20%
RENTS
19.9%
Harvest (4)
19.5%
REAP
19.3%
Comes to a point (6)
19.1%
XXXXXXX
18.9%
XXXXXXX
18.9%
Drive a vehicle (5)
18.5%
Bother, as a gnat (6)
18.5%
XXXXXXX
18.3%
XXXXXXX
18.3%
Ladder steps (5)
18%
Tight, as bedcovers (4)
18%
STEER
17.9%
GRUNTS
17.9%
RUNGS
17.8%
PARES
17.7%
ERNEST
17.3%
Throat illness (5)
17.2%
Barrel stopper (4)
17.1%
GUN
17.1%
Firearm (3)
17.1%
SNUG
17%
Lively and spirited (4)
16.3%
PRATE
16.2%
STREP
16.2%
NATURES
16%
PESTER
16%
PERT
14.8%
Food from bovine offals (5)
14.8%
TAPERS
13.2%
TRIPE
10.9%
BUNG
10.7%

You're not logged in!

Compare scores with friends on all Sporcle quizzes.
Sign Up with Email
OR
Log In

You Might Also Like...

Show Comments

Extras

Top Quizzes Today


Score Distribution

Your Account Isn't Verified!

In order to create a playlist on Sporcle, you need to verify the email address you used during registration. Go to your Sporcle Settings to finish the process.